<The> Role of Turkey in China's Belt and Road Initiative

Postavenie Turecka v iniciatíve Chinese Belt and Road na základe existujúcej a plánovanej spolupráce v rámci tejto iniciatívy. Čínska investičná aktivita v Turecku. Projekt BRI a otvorenie železnice Baku – Tbilisi – Kars. Vzťahy medzi Tureckom a Čínou v kontexte implementácie BRI.

Gespeichert in:
Bibliographische Detailangaben
1. Verfasser: Družbacká, Barbora, 1995-
Format: Buchkapitel
Sprache:Englisch
Schlagworte:
Tags: Tag hinzufügen
Keine Tags, Fügen Sie das erste Tag hinzu!

MARC

LEADER 00000naa$a2200000$$$4500
001 0272488
005 20240502074307.6
041 0 |a eng 
044 |a SK 
245 1 0 |a <The> Role of Turkey in China's Belt and Road Initiative  |c Barbora Družbacká 
520 |a Postavenie Turecka v iniciatíve Chinese Belt and Road na základe existujúcej a plánovanej spolupráce v rámci tejto iniciatívy. Čínska investičná aktivita v Turecku. Projekt BRI a otvorenie železnice Baku – Tbilisi – Kars. Vzťahy medzi Tureckom a Čínou v kontexte implementácie BRI. 
610 2 0 |a investície 
610 2 0 |a spolupráca medzinárodná 
610 2 0 |a Turecko 
610 2 0 |a Čína 
100 1 |a Družbacká, Barbora, 1995-